1304 1298 1943 1363 1581 1905 1956 1166 1605 1173 1862 1722 1982 1627 1136 1078 1563 1653 1482 1572 1484 1411 1844 1392 1818 1967 1699 1603 1180 1143 1620 1756 1600 1689 1424 1145 1737 1347 1134 1028 1304 1631 1684 1683 1463 1180 1049 1266 1344 1732 1215 1677 1433 1533 1763 1519 1558 1070 1383 1106 1580 1930 1223 1278 1152 1337 1887 1320 1038 1888 1416 1869 1555 1215 1692 1785 1609 1900 1912 1400 1188 1431 1752 1395 1605 1592 1688 1995 1399 1181 1532 1361 1681 1974 1440 1655 1111 1703 1838 BCNSPRNW ULIB Ver.6.0+V

เปลี่ยนเป็นภาษาไทย

Change to English
 แสดงรายละเอียดบรรณานุกรม
  กลับหน้าหลัก

Brief Record : Get Marc (ISO 2709) : E-mail record : QR code < ปิดหน้าต่าง
LEADER : 00000nam 2200000uu 4500
001    13399111696
003     ULIB
008    110706s2551||||th 000 0 tha d
020    9789740538554
050  4 BQ5630^bท592ป 2551
100 0  เท็นซิน กยัตโส,^cทะไลลามะองค์ที่ 14,^d2478-
245 10 ปัญญาญาณแห่งการอภัย : บทสนทนาและการเดินทางเปี่ยมมิตรภาพ =^bThe Wisdom of forgiveness /^cทะไลลามะ และวิกเตอร์ ชาน, เขียน ; สายพิณ กุลกนกวรรณ ฮัมดานี, แปล
246 31 The Wisdom of forgiveness
250    พิมพ์ครั้งที่ 1
260    กรุงเทพฯ :^bสวนเงินมีนา,^c2551
300    251 หน้า ;^c21 ซม.
600 07 เท็นซิน กยัตโส,^cทะไลลามะองค์ที่ 14,^d2478- ^xบทสนทนา
650  7 การให้อภัย^xแง่ศาสนา^xพุทธศาสนา
650  7 ทาไลลามะ^xบทสนทนา
650  7 เมตตาและกรุณา^xแง่ศาสนา^xพุทธศาสนา
650  7 เมตตาและกรุณา (พุทธศาสนา)
700 1  ชาน, วิกเตอร์
700 0  สายพิณ กุลกนกวรรณ ฮัมดานี,^eผู้แปล
700 0  Bstan-dzin-rgya-mtsho,^cDalai Lama XIV,^d1935-.^tThe Wisdom of forgiveness
945    ^p220^l0^i025101
995    ทศพร
999 ^a ใช้งานได้ทุกระบบ
รายการนี้ยังไม่มีแท็ก
คุณยังไม่ได้ล็อกอิน คุณสามารถมีกิจกรรมร่วมกับเว็บไซต์ได้ แต่ต้องล็อกอินก่อน ::
  ล็อกอิน

รายการสื่อสารสนเทศ

ลำดับที่ ประเภท เลขเรียก/บาร์โค้ด สถานที่ สถานะ
- ไม่พบข้อมูล -

BibComment


ยังไม่เคยถูกคอมเมนท์

คอมเมนท์ทรัพยากรรายการนี้
  คอมเมนท์: ปัญญาญาณแห่งการอภ..


 Copyright 2026. Bcnsprnw @Library